| 000 | 00570nam a2200217Ia 4500 | ||
|---|---|---|---|
| 003 | OSt | ||
| 005 | 20240813151411.0 | ||
| 008 | 210210b1989 xxu||||| |||| 00| 0 eng d | ||
| 040 | _cAL | ||
| 041 | _aEnglish | ||
| 082 | _a809.88914 SAHB | ||
| 100 |
_aSAHITYA AKADEMI. _9177122 |
||
| 245 | _aBuddhadeva Bose: Makers of Indian literature | ||
| 260 |
_aN D _bSahitya Akademi _c1989 |
||
| 300 | _aiv,70 | ||
| 650 |
_aBuddhadeva Bose _9177123 |
||
| 690 |
_aIndian Literature _9177124 |
||
| 700 |
_aAlokeranjan Dasgupta. _9177125 |
||
| 906 | _a053734 | ||
| 942 |
_2ddc _cBK |
||
| 999 |
_c101736 _d101736 |
||